| 000 | 00520nam a2200181 i 4500 | ||
|---|---|---|---|
| 001 | 40195 | ||
| 003 | ES-MaACL | ||
| 005 | 20250610152235.0 | ||
| 007 | t| | ||
| 008 | 030305s1899 fr ||||1| fre d | ||
| 100 | 1 |
_aCart, William. _935867 |
|
| 245 | 1 | 0 |
_aEtude sur J.J. Bach _b: 1685-1750 / _cpar William Cart. |
| 260 |
_aParis : _b[s.n., _c1899] ( _fImp. Orleanaise) |
||
| 300 |
_a320 p. ; _c19 cm. |
||
| 600 | 0 | 4 |
_aBach, Johann Sebastian, _d1685-1750 _924454 |
| 852 |
_aES-MaACL _jF-11444 |
||
| 999 |
_c40195 _d40195 |
||